Central Library OPAC University of Rajshahi

A manual of Buddhist historical traditions (Saddhamma-saṅgaha) / (Record no. 31978)

MARC details
000 -LEADER
fixed length control field 00803cam a2200241 4500
001 - CONTROL NUMBER
control field 31978
003 - CONTROL NUMBER IDENTIFIER
rucl marc code BD-RjUL
005 - DATE AND TIME OF LATEST TRANSACTION
control field 20211209051756.0
008 - FIXED-LENGTH DATA ELEMENTS--GENERAL INFORMATION
fixed length control field 140423s1941 ii b 001 0 eng d
035 ## - SYSTEM CONTROL NUMBER
System control number (BD-RjUL)32067
040 ## - CATALOGING SOURCE
Original cataloging agency DLC
Transcribing agency DLC
Modifying agency BD-RjUL
Language of cataloging eng
041 1# - LANGUAGE CODE
Language code of text/sound track or separate title engpal
082 00 - DEWEY DECIMAL CLASSIFICATION NUMBER
Classification number 294.309
Author mark and year MAN 1941
245 12 - TITLE STATEMENT
Title A manual of Buddhist historical traditions (Saddhamma-saṅgaha) /
Statement of responsibility, etc. Translated into English for the first time, by Bimala Churn Law.
260 ## - PUBLICATION, DISTRIBUTION, ETC. (IMPRINT)
Place of publication, distribution, etc. Calcutta :
Name of publisher, distributor, etc. University of Calcutta,
Date of publication, distribution, etc. 1941.
300 ## - PHYSICAL DESCRIPTION
Pagination vi, 140 p. ;
Size 22 cm.
504 ## - BIBLIOGRAPHY, ETC. NOTE
Bibliography, etc Includes bibliographical references and index.
650 #0 - SUBJECT ADDED ENTRY--TOPICAL TERM
Topical term or geographic name as entry element Buddhism
General subdivision History
Chronological subdivision To ca. 100 A.D.
9 (RLIN) 97355
700 1# - ADDED ENTRY--PERSONAL NAME
Personal name Law, Bimala Churn,
Dates associated with a name 1892-
Relator term tr.
942 ## - ADDED ENTRY ELEMENTS (KOHA)
Source of classification or shelving scheme Dewey Decimal Classification
Koha item type Books
Holdings
Lost status Source of classification or shelving scheme Damaged status Not for loan Collection code Permanent Location Current Location Shelving location Date acquired Source of acquisition Cost, normal purchase price Total Checkouts Full call number Date last seen Copy number Koha item type
  Dewey Decimal Classification   Not For Loan Non-fiction Central Library, University of Rajshahi Central Library, University of Rajshahi Reading Room 22/10/1963 Kamla Book Dept. 15.00   294.309 MAN 1941 23/04/2014 C-1 Books